| 000 | 02948nam0a2200541 4500 | ||
|---|---|---|---|
| 001 | RU\NLR\bibl\393715 | ||
| 005 | 20260407084513.0 | ||
| 010 |
_a5-85921-374-3 _93000 |
||
| 021 |
_aRU _b2003-8087 _9376 |
||
| 035 | _a(NLR Aleph) 000387989 | ||
| 090 |
_a497457 _c497457 |
||
| 100 | _a20030408d2002 |||y0rusy50 ca | ||
| 101 | 0 | _arus | |
| 102 | _aRU | ||
| 105 | _aa ||||||||| | ||
| 200 | 1 |
_aЗемноводные и пресмыкающиеся Новосибирской и Томской областей _e(Информ. материалы к герпетофауне Сибири) _eМетод. пособие _fО. Н. Чернышова, Л. Н. Ердаков, В. Н. Куранова, М. В. Пестов _g[Науч. ред. - д.б.н. Ю.С. Равкин] _gМ-во образования Рос. Федерации, Новосиб. гос. пед. ун-т |
|
| 210 |
_aНовосибирск _cНГПУ _d2002 |
||
| 215 |
_a51,[1] с. _cил. _d21 |
||
| 300 | _aНа обл. авт. не указаны | ||
| 320 | _aБиблиогр.: с. 47-48 | ||
| 606 | 0 |
_aЗемноводные _jМетодические пособия _yНовосибирская область _92289616 _3RU\NLR\auth\661371316 |
|
| 606 | 0 |
_aЗемноводные _jМетодические пособия _yТомская область _92289618 _3RU\NLR\auth\661371317 |
|
| 606 | 0 |
_aПресмыкающиеся _jМетодические пособия _yНовосибирская область _92289620 _3RU\NLR\auth\661371318 |
|
| 606 | 0 |
_aПресмыкающиеся _jМетодические пособия _yТомская область _92289622 _3RU\NLR\auth\661371319 |
|
| 610 | 0 | _aАмфибии | |
| 610 | 0 | _aПресмыкающиеся | |
| 610 | 0 | _aЗемноводные - см. Амфибии | |
| 675 |
_a[597.6 _v3 _zrus |
||
| 675 |
_a598.]1(571.1) _v3 _zrus |
||
| 686 |
_a34.33 _2rugasnti |
||
| 686 |
_a28.693.3 _2rubbk |
||
| 686 | _aЕ693.33(2Р53-4Нов)я8 | ||
| 686 | _aЕ693.33(2Р53-4Том)я8 | ||
| 686 | _aЕ693.34(2Р53-4Нов)я8 | ||
| 686 | _aЕ693.34(2Р53-4Том)я8 | ||
| 701 | 1 |
_4070 _aЧернышова _bО. Н. _cканд. биол. наук _gОльга Николаевна _9136317 _3RU\NLR\AUTH\770136352 |
|
| 701 | 1 |
_aЕрдаков _bЛ. Н. _gЛев Николаевич _4070 |
|
| 701 | 1 |
_aКуранова _bВ. Н. _gВалентина Николаевна _4070 |
|
| 701 | 1 |
_aПестов _bМ. В. _gМарк Валентинович _4070 |
|
| 702 | 1 |
_4340 _8rus _7ca _aРавкин _bЮ. С. _f1937- _gЮрий Соломонович _3RU\NLR\auth\7767395 _950323 |
|
| 712 | 0 | 2 |
_4570 _aНовосибирский государственный педагогический университет _3RU\NLR\AUTH\8812496 _9297761 |
| 801 | 0 |
_aRU _bRKP _c20030408 _gPSBO |
|
| 801 | 1 |
_aRU _bRKP _c20030408 |
|
| 801 | 2 |
_aRU _bNLR _c20080818 _grcr |
|
| 942 | _cBOOK | ||
| 980 | _aNB | ||